000 00912nam a22003011 4500
001 105446
003 ES-MaACL
005 20250808022126.0
007 t|
008 060712s1976 sp ||||0| spa d
016 7 _zIND9300567184
020 _a84-217-5716-4
040 _aM-BN
_bspa
_cA2
080 _a946"1936/1939"
080 _a946.1 M"1936/1939"
100 1 _aMartínez Bande, José Manuel.
_977883
245 1 0 _aFrente de Madrid /
_cJosé Manuel Martínez Bande.
250 _a1ª ed.
260 _aBarcelona :
_bLuis de Caralt,
_c1976.
300 _a271 p :
_bfot. ;
_c22 cm.
490 1 _aLa vida vivida
500 _aBiblioteca Juan Andrade.
651 4 _aEspaña-
_xHistoria-
_y1936-1939, Guerra civil.
_98292
651 4 _aMadrid-
_xHistoria-
_y1936-1939.
_98964
830 0 3 _aLa vida vivida
_9180877
852 _aES-MaACL
_jAND-243
_bR.109561
999 _c105446
_d105446